LEADER 01025nam a2200253 i 4500 001 000000111232 003 CaOOAMICUS 005 20030113000000.0 008 030113s1985 it u000 u ita u 013 $a83914 040 $aSeMil$bita 100 1 $aMelis Fois, Giovanni .$0(OLS)http://semarc/name/46629 245 10$aChiesa di Nuoro in cammino /$cGiovanni Melis. 260 $aSassari :$bStamperia Artistica,$cstampa 1985. 300 $a480 p., [12] p. di tav. ;$c24 cm. 500 $aFondo Card. C.M. Martini. 650 4$aNuoro (Diocesi).$0(OLS)http://semarc/subject/11819 650 4$aMelis, Giovanni - Interventi.$0(OLS)http://semarc/subject/19882 850 $aSeMil 852 $aSeMil$W1$xVenegono$y1$m2F III 10$j67067$B67067$CSeMilBibl$Z2$F93742 $81 941 1 $a4 961 $aOmaggio: Martini Card. Carlo Maria 996 $6245$aChiesa di Nuoro in cammino$9(OLS)http://semarc/title/161845 996 $6260$aSassari :$bStamperia Artistica$9(OLS)http://semarc/publisher/45152 LEADER 01279nam a2200217 i 4500 001 000000010944 003 CaOOAMICUS 005 20180830125440.0 008 180830s1962 it u000 u ita u 040 $aSeMil$bita 100 1 $aBernard, J. H.$0(OLS)http://semarc/name/5301 245 12$aA critical and exegetical commentary on the Gospel according to St. John /$cby the J.H. Bernard ; edited by the A.H. McNeile. 260 $aEdinburgh :$bT. & T. Clark,$c1962-1963. 300 $a2 v. ;$c22 cm. 650 4$aBibbia. Nuovo Testamento. Vangelo secondo Giovanni - Commentari, studi, critica, interpretazioni.$0(OLS)http://semarc/subject/119 700 1 $aMcNeile, A.H.$0(OLS)http://semarc/name/5302 773 0 $tInternational Critical Commentary.$dEdinburgh : T. & T. Clark, [19--]$w()309 774 0 $tVol. 1.$b6. Impression.$kInternational Critical Commentary : on the Holy Scriptures of the Old and New Testaments.$gVol.1$w()122492 774 0 $tVol. 2.$bLatest Reprint.$kInternational Critical Commentary : on the Holy Scriptures of the Old and New Testaments.$gVol.2$w()122502 996 $6245$aA critical and exegetical commentary on the Gospel according to St. John$9(OLS)http://semarc/title/14458 996 $6260$aEdinburgh :$bT. & T. Clark$9(OLS)http://semarc/publisher/29818